=LDR 00000nam 2200000 4500 =001 INLIS000000000046426 =005 20210519084618 =035 ##$$a 0010-031500000000198 =008 210519################g##########0#ind## =020 ##$$a 978-602-99417-2-2 =082 ##$$a 338.7 =100 ##$$a Gaspersz,Vincent =245 1#$$a Ekonomi manajerial (Managerial Economic) : $b Landasan analisis dan strategi bisnis untuk manajemen perusahaan dan industri /$c Vincent Gaspersz =260 ##$$a Jakarta :$b Vinchristo Publicatoan,$c 2011 =300 ##$$a viI;735 hlm. ; $c 25 x 14 cm. =850 ##$$aNBPNMAT =084 ##$$a 338.7 GAS e =250 ##$$a cet.8 =650 #4$$a Ekonomi Manajerial =504 ##$$a Bibliografi :hlm.732-735 =990 ##$$a 21113196 =990 ##$$a 21113198 =990 ##$$a 21113195 =990 ##$$a 21113197 =990 ##$$a 1201102426 =990 ##$$a 1201102427